Animale più Grande per Paese - Statistics

Statistiche generali
  • Questo quiz è stato fatto 27 volte
  • Il punteggio medio è 15 su 30
Statistiche sulle risposte
Hint Risposta % Corretto
Italia Orso Bruno
95%
Giappone Orso Bruno
95%
Russia Orso Bruno
95%
Australia Canguro Rosso
81%
Spagna Toro / Bovino
71%
Sri Lanka Tigre del Bengala
67%
Stati Uniti Bisonte Americano
62%
Canada Bisonte Americano
62%
Francia Bisonte Europeo
62%
Mongolia Cammello
62%
namibia Rinoceronte Bianco
62%
Filippine Bufalo Nano
57%
Sudafrica Elefante Africano
57%
Guatemala Giaguaro
57%
Norvegia Alce
52%
San Marino Cavallo
48%
Egitto Dromedario
48%
India Elefante Asiatico
48%
Cina Elefante Asiatico
48%
Cile Cervo
43%
Regno Unito Cervo
43%
Cuba Coccodrillo Cubano
38%
Barbados Boa delle Barbados
33%
Argentina Guanaco
33%
Giamaica Iguana
33%
Maldive Pitone delle Maldive
24%
Islanda Renna
24%
Brasile Tapiro
24%
P. Nuova Guinea Casuario
14%
Libano Capra Montana
10%
Nessun quiz corrispondente trovato
Distribuzione punteggi
Percentuale di utenti per punteggio
Percentile per numero di risposta
I tuoi punteggi nel tempo
Non hai fatto questo quiz